000
00254nam a22001097a 4500
082
_a
621.381 SUK'E
100
_a
SUKHERA, M. BELAL DR
_9
57533
245
_a
EXPERIMENTS IN ELECTRONICS
260
_a
KARACHI
_b
NATIONAL
_c
1983
300
_a
241P
942
_c
BK
999
_c
567808
_d
567808